Poistné krytie prírodných katastrof

Podiel jednotlivých druhov veľkých prírodných katastrof na ekonomických a poistných škodách. Sekuritizácia v poistnom sektore. Základné štruktúry prenosu rizika prostredníctvom katastrofických dlhopisov. Motívy poisťovní a investorov využívať katastrofické dlhopisy. Štruktúra transakcií s katastro...

Ausführliche Beschreibung

Gespeichert in:
Bibliographische Detailangaben
1. Verfasser: Majtánová, Anna
Weitere Verfasser: Marko, Peter
Format: Buchkapitel
Sprache:Slowakisch
Schlagworte:
Tags: Tag hinzufügen
Keine Tags, Fügen Sie das erste Tag hinzu!

MARC

LEADER 00000naa$a2200000$$$4500
001 0057632
005 20240502071641.4
041 0 |a slo 
044 |a SK 
245 1 0 |a Poistné krytie prírodných katastrof  |c Anna Majtánová, Peter Marko 
520 |a Podiel jednotlivých druhov veľkých prírodných katastrof na ekonomických a poistných škodách. Sekuritizácia v poistnom sektore. Základné štruktúry prenosu rizika prostredníctvom katastrofických dlhopisov. Motívy poisťovní a investorov využívať katastrofické dlhopisy. Štruktúra transakcií s katastrofickými dlhopismi. Súčasnosť a budúcnosť sekuritizácie katastrofických rizík. 
610 2 0 |a riziko poistné 
610 2 0 |a Slovensko 
610 2 0 |a pohromy živelné 
610 2 0 |a poisťovne 
610 2 0 |a sekuritizácia 
610 2 0 |a dlhopisy 
100 1 |a Majtánová, Anna 
700 1 |a Marko, Peter